00284 a2200109 450000500170000002000180001708200130003510000190004824500340006726000430010130000300014420250625102340.0 a0-8092-0697-8 a428 POD aPODNECKY, J . aContemporary English Literacy aLincolnwood,bContemporary Book,c1999 axxiv, 82p.: ill.; c28cm.